Milton Keynes : a commercial property review (Record no. 91101)

MARC details
000 -LEADER
fixed length control field 00458cam a2200181 4500
001 - CONTROL NUMBER
control field B1064
008 - FIXED-LENGTH DATA ELEMENTS--GENERAL INFORMATION
fixed length control field 090401t1983 xxu||||| |||| 00| 0 eng d
035 ## - SYSTEM CONTROL NUMBER
System control number (Sirsi) u42405
041 ## - LANGUAGE CODE
Language code of text/sound track or separate title eng
050 ## - LIBRARY OF CONGRESS CALL NUMBER
Classification number 333.3370942591
110 ## - MAIN ENTRY--CORPORATE NAME
Corporate name or jurisdiction name as entry element Connels Commercial
9 (RLIN) 1930
245 ## - TITLE STATEMENT
Title Milton Keynes : a commercial property review
260 ## - PUBLICATION, DISTRIBUTION, ETC.
Place of publication, distribution, etc. Luton
Name of publisher, distributor, etc. Connells Commercial
Date of publication, distribution, etc. 1983
300 ## - PHYSICAL DESCRIPTION
Extent (12) leaves ; 30cm.
350 ## - PRICE (NR) (BK AM CF MU VM SE) [OBSOLETE]
Price 0
942 ## - ADDED ENTRY ELEMENTS (KOHA)
Suppress in OPAC 0
948 ## - LOCAL PROCESSING INFORMATION (OCLC); SERIES PART DESIGNATOR (RLIN)
c (OCLC) 04/03/1997
Holdings
Withdrawn status Lost status Source of classification or shelving scheme Damaged status Not for loan Home library Current library Shelving location Date acquired Total Checkouts Full call number Barcode Date last seen Copy number Price effective from Koha item type
    Dewey Decimal Classification     London London Property market reports 14/09/1999   LIBRARY ANNEXE 30031015 06/08/2019 1 06/08/2019 Book